书目信息 |
| 题名: |
晶体硅太阳电池制造工艺原理
|
|
| 作者: | 陈哲艮 , 郑志东 编著 | |
| 分册: | ||
| 出版信息: | 北京 电子工业出版社 2017.03 |
|
| 页数: | 395页, [2] 页图版 | |
| 开本: | 24cm | |
| 丛书名: | ||
| 单 册: | ||
| 中图分类: | TM914.4 | |
| 科图分类: | ||
| 主题词: | 硅太阳能电池--gui tai yang neng dian chi--制造 | |
| 电子资源: | ||
| ISBN: | 978-7-121-30465-1 | |
| 000 | 01578nam 2200277 450 | |
| 001 | 012017000178 | |
| 005 | 20220526152504.92 | |
| 010 | @a978-7-121-30465-1@dCNY79.00 | |
| 100 | @a20170515d2017 em y0chiy50 ea | |
| 101 | 0 | @achi |
| 102 | @aCN@b110000 | |
| 105 | @aafk a 000yy | |
| 200 | 1 | @a晶体硅太阳电池制造工艺原理@Ajing ti gui tai yang dian chi zhi zao gong yi yuan li@f陈哲艮,郑志东编著@FChen Zhe Gen,Zheng Zhi Dong Bian Zhu |
| 210 | @a北京@c电子工业出版社@d2017.03 | |
| 215 | @a395页, [2] 页图版@c图 (部分彩图)@d24cm | |
| 225 | 2 | @A“shi er wu ”guo jia zhong dian tu shu chu ban gui hua xiang mu@i新能源技术丛书 |
| 300 | @a"十二五"国家重点图书出版规划项目 | |
| 320 | @a有书目 | |
| 330 | @a本书介绍太阳电池材料、工作原理、制造方法及太阳电池的应用工程, 内容涉及太阳辐射原理、硅材料性质、晶体硅太阳电池物理基础和性质、晶体硅太阳电池制造、新型及高效硅太阳电池、晶体硅太阳电池发展趋势; 对薄膜太阳电池及III-V族化合物太阳电池的发展概况、工作原理、制备技术、产业化状况以及聚光太阳电池的工作原理和发展现状; 太阳能光伏发电系统构成、分类、系统储能装置、系统控制器及电能变换电路、系统设计与仿真, 分布式发电和微电网的概念、意义、结构、建模、运行控制及应用实例; 以及太阳能光伏发电的经济分析方法。 | |
| 410 | 0 | @12001 @i新能源技术丛书@A"shi er wu "guo jia zhong dian tu shu chu ban gui hua xiang mu@i新能源技术丛书 |
| 606 | 0 | @a硅太阳能电池@Agui tai yang neng dian chi@x制造 |
| 690 | @aTM914.4@v5 | |
| 701 | 0 | @a陈哲艮@Achen zhe gen@4编著 |
| 701 | 0 | @a郑志东@Azheng zhi dong@4编著 |
| 801 | 0 | @aCN@b河南城建学院图书馆@c20170818 |
| 905 | @b21326034@dTM914.4@eC651@f1 | |
| 晶体硅太阳电池制造工艺原理/陈哲艮,郑志东编著.-北京:电子工业出版社,2017.03 |
| 395页, [2] 页图版:图 (部分彩图);24cm.-(.新能源技术丛书) |
| "十二五"国家重点图书出版规划项目 |
| ISBN 978-7-121-30465-1:CNY79.00 |
| 本书介绍太阳电池材料、工作原理、制造方法及太阳电池的应用工程, 内容涉及太阳辐射原理、硅材料性质、晶体硅太阳电池物理基础和性质、晶体硅太阳电池制造、新型及高效硅太阳电池、晶体硅太阳电池发展趋势; 对薄膜太阳电池及III-V族化合物太阳电池的发展概况、工作原理、制备技术、产业化状况以及聚光太阳电池的工作原理和发展现状; 太阳能光伏发电系统构成、分类、系统储能装置、系统控制器及电能变换电路、系统设计与仿真, 分布式发电和微电网的概念、意义、结构、建模、运行控制及应用实例; 以及太阳能光伏发电的经济分析方法。 |
| ● |
| 相关链接 |
|
|
|
正题名:晶体硅太阳电池制造工艺原理
索取号:TM914.4/C651
 
预约/预借
| 序号 | 登录号 | 条形码 | 馆藏地/架位号 | 状态 | 备注 |
| 1 | 1326034 | 213260344 | 自科库301/301自科库 20排2列4层/ [索取号:TM914.4/C651] | 在馆 | |
| 2 | 1507462 | 215074620 | 自科库301/301自科库 20排2列4层/ [索取号:TM914.4/C651] | 在馆 |